Flesh and spirit in conflict: (Record no. 5787)

000 -LEADER
fixed length control field 00625nam a2200181 a 4500
001 - CONTROL NUMBER
control field :::00003529$&:&@@
003 - CONTROL NUMBER IDENTIFIER
control field OkBaRHE
005 - DATE AND TIME OF LATEST TRANSACTION
control field 20000607103307.0
008 - FIXED-LENGTH DATA ELEMENTS--GENERAL INFORMATION
fixed length control field s1968 j 000 0 eng u
040 ## - CATALOGING SOURCE
Transcribing agency
100 1# - MAIN ENTRY--PERSONAL NAME
Personal name Epp, Theodore H.
245 10 - TITLE STATEMENT
Title Flesh and spirit in conflict:
Remainder of title practical studies in Galatians.
260 ## - PUBLICATION, DISTRIBUTION, ETC. (IMPRINT)
Place of publication, distribution, etc Lincoln, NE., :
Name of publisher, distributor, etc Back to the Bible Broadcast
Date of publication, distribution, etc c1968
300 ## - PHYSICAL DESCRIPTION
Extent 210 p. ;
Dimensions 22 cm.
650 ## - SUBJECT ADDED ENTRY--TOPICAL TERM
Topical term or geographic name as entry element Bible New Testament Galatians
General subdivision Criticism, Interpretation, etc.
942 ## - ADDED ENTRY ELEMENTS (KOHA)
Source of classification or shelving scheme
Koha item type Books
Copies
Shelving location Not for loan Koha item type Damaged status Lost status Price effective from Full call number Barcode Source of classification or shelving scheme Date last seen Permanent Location Copy number Withdrawn status Date acquired
General Stacks Books  2010-04-14BS 2685 .E6223529 2018-04-03RHEMA Bible Training College1 2010-04-14